Stamp duty land tax handbook (Record no. 104513)

MARC details
000 -LEADER
fixed length control field 01092cam a2200241 4500
001 - CONTROL NUMBER
control field L130671
008 - FIXED-LENGTH DATA ELEMENTS--GENERAL INFORMATION
fixed length control field 050823n2005 000 0 eng u
020 ## - INTERNATIONAL STANDARD BOOK NUMBER
International Standard Book Number 0728204436
035 ## - SYSTEM CONTROL NUMBER
System control number (Sirsi) u130671
041 0# - LANGUAGE CODE
Language code of text/sound track or separate title eng
050 04 - LIBRARY OF CONGRESS CALL NUMBER
Classification number 336.22
-- 18
100 1# - MAIN ENTRY--PERSONAL NAME
Personal name Hart, Chris
245 ## - TITLE STATEMENT
Title Stamp duty land tax handbook
260 ## - PUBLICATION, DISTRIBUTION, ETC.
Place of publication, distribution, etc. London
Name of publisher, distributor, etc. Estates Gazette
Date of publication, distribution, etc. 2005
300 ## - PHYSICAL DESCRIPTION
Extent xxv, 195p.
Dimensions 22cm.
350 ## - PRICE (NR) (BK AM CF MU VM SE) [OBSOLETE]
Price 32.00
520 ## - SUMMARY, ETC.
Summary, etc. Written by two valuation surveyors this handbook seeks to assist in the interpretation of the new Stamp Duty Land Tax (SDLT) and its application to all types of property transactions. SDLT is the only national tax applied solely to real property. Stresses that the new SDLT regime is very different from stamp duty which was charged prior to the introduction of SDLT on 1 December 2003 and the position of lessees is unrecognisable from what it was before. Includes the significant changes to the tax made by the Finance Act 2005.
590 ## - LOCAL NOTE (RLIN)
Local note IKA270905
690 ## - LOCAL SUBJECT ADDED ENTRY--TOPICAL TERM (OCLC, RLIN)
Topical term or geographic name as entry element PROPERTY-PROPERTY TAXATION
700 1# - ADDED ENTRY--PERSONAL NAME
Personal name Johnson, Tony
942 ## - ADDED ENTRY ELEMENTS (KOHA)
Suppress in OPAC 0
Holdings
Withdrawn status Lost status Source of classification or shelving scheme Damaged status Not for loan Home library Current library Shelving location Date acquired Cost, normal purchase price Total Checkouts Full call number Barcode Date last seen Date last checked out Copy number Cost, replacement price Price effective from Koha item type
    Dewey Decimal Classification     London London Books 15/09/2005 32.00 11 336.22 HAR 30071311 06/08/2019 26/09/2008 1 32.00 06/08/2019 Book